01781cam a2200265 i 45000010009000000050017000090080041000260100017000670200018000840400028001020420008001300500027001381000036001652450051002012460029002522640033002813000024003144900036003385200957003746500029013316550027013609420008013879520105013959990015015002286839520250515081116.0221116s2023 nyu 000 1 eng  a 2022054527 a9780008456757 aDLCbengerdacDLCdDLC apcc00aPS3612.A9484bB66 2023 aLawrence, Mark,d1966-eauthor.14aThe book that wouldn't burn c/ Mark Lawrence.3 aBook that would not burn 1aLondon bHarperVoyagerc2024 a566 pages ;c24 cm.0 aThe Library trilogy ;vbook one aAll books, no matter their binding, will fall to dust. The stories they carry may last longer. They might outlive the paper, the library, even the language in which they were first written. The greatest story can reach the stars . . . This is the start of an incredible new journey from the internationally bestselling author of Prince of Thorns, in which, though the pen may be mightier than the sword, blood will be spilled and cities burned… Evar has lived his whole life trapped within a vast library, older than empires and larger than cities. Livira has spent hers in a tiny settlement out on the Dust where nightmares stalk and no one goes. The world has never noticed them. That’s about to change. As their stories spiral around each other, across worlds and time, each will unlock vast secrets about the world and themselves. This is a tale of truth and lies and hearts, and the blurring of one into another.cProvided by publisher. 0aLibraries Fiction925245 0aFantasy fiction922510 2lcc 00102lcc4070aTBSbTBSd2025-05-15l1oP-EN LAWpB05751r2026-04-30s2026-02-24t1w2025-05-15y1 c4669d4669